Los orígenes del subdesarrollo latinoamericano /
Uloženo v:
| Hlavní autor: | |
|---|---|
| Médium: | Text |
| Tagy: |
Přidat tag
Žádné tagy, Buďte první, kdo vytvoří štítek k tomuto záznamu!
|
MARC
| LEADER | 00000 a a2200000 04500 | ||
|---|---|---|---|
| 001 | 48792 | ||
| 003 | |||
| 040 | |||
| 100 | |a Robles de Salas, Osman Omar | ||
| 245 | |a Los orígenes del subdesarrollo latinoamericano / |c Osman Omar Robles de Salas | ||
| 773 | |a número518, (2015), páginas 4-13 | ||
| 999 | |c 33164 |d 33164 | ||
